Policy perspectives on countering violent extremism in Pakistan / (Record no. 593424)

000 -LEADER
fixed length control field 02052cam a22003735i 4500
001 - CONTROL NUMBER
control field 22442166
005 - DATE AND TIME OF LATEST TRANSACTION
control field 20230223120247.0
008 - FIXED-LENGTH DATA ELEMENTS--GENERAL INFORMATION
fixed length control field 220223s2021 pk d b 000 0 eng
010 ## - LIBRARY OF CONGRESS CONTROL NUMBER
LC control number 2022312173
020 ## - INTERNATIONAL STANDARD BOOK NUMBER
International Standard Book Number 9789698344290
037 ## - SOURCE OF ACQUISITION
Source of stock number/acquisition Library of Congress -- Islamabad Overseas Office
040 ## - CATALOGING SOURCE
Original cataloging agency DLC
Language of cataloging eng
Transcribing agency DLC
Description conventions rda
042 ## - AUTHENTICATION CODE
Authentication code lcode
043 ## - GEOGRAPHIC AREA CODE
Geographic area code a-pk---
082 ## - DEWEY DECIMAL CLASSIFICATION NUMBER
Classification number 363.325095491
Author Mark POL 2021
245 00 - TITLE STATEMENT
Title Policy perspectives on countering violent extremism in Pakistan /
Statement of responsibility, etc. editors Muhammad Saleem Khilji, Dr Shafqat Munir Ahmad, Dr Abid Qaiym Suleri.
250 ## - EDITION STATEMENT
Edition statement First edition.
264 #1 - PRODUCTION, PUBLICATION, DISTRIBUTION, MANUFACTURE, AND COPYRIGHT NOTICE
Place of production, publication, distribution, manufacture Islamabad :
Name of producer, publisher, distributor, manufacturer Sustainable Development Policy Institute,
Date of production, publication, distribution, manufacture, or copyright notice 2021.
300 ## - PHYSICAL DESCRIPTION
Extent vii, 132 pages :
Other physical details charts ;
Dimensions 25 cm
336 ## - CONTENT TYPE
Content type term text
Content type code txt
Source rdacontent
337 ## - MEDIA TYPE
Media type term unmediated
Media type code n
Source rdamedia
338 ## - CARRIER TYPE
Carrier type term volume
Carrier type code nc
Source rdacarrier
500 ## - GENERAL NOTE
General note "Policy papers"
504 ## - BIBLIOGRAPHY, ETC. NOTE
Bibliography, etc. note Includes bibliographical references (page 130).
505 ## - FORMATTED CONTENTS NOTE
Formatted contents note Community first' : Community resilience and policy effectiveness against violent extremism in Pakistan<br/>Opinions and attitudes towards extremism<br/>Promoting critical pedagogy to counter violent extremism on campuses<br/>Countering violent extremism through community resilience in southern Punjab<br/>Countering violent Barelvi extremism in Pakistan : challenges, implications and way forward<br/>Exploring post-conflict community resilience options for reintegrated individuals of Swat<br/>Community-based rehabilitation program for ex-combatants : policy options for Khyber Pakhtunkhwa<br/>Justice for resilient communities : evaluating Pakistan's criminal justice system against violent extremism
650 ## - SUBJECT ADDED ENTRY--TOPICAL TERM
Source of heading or term Pakistan, Radicalism, Radicalism Pakistan
700 1# - ADDED ENTRY--PERSONAL NAME
Personal name Khilji, Muhammad Saleem,
Relator term editor.
9 (RLIN) 109514
700 1# - ADDED ENTRY--PERSONAL NAME
Personal name Ahmad, Shafqat Munir,
Relator term editor.
9 (RLIN) 109515
700 1# - ADDED ENTRY--PERSONAL NAME
Personal name Suleri, Abid Qaiyum,
Relator term editor.
9 (RLIN) 109516
710 2# - ADDED ENTRY--CORPORATE NAME
Corporate name or jurisdiction name as entry element Sustainable Development Policy Institute,
Relator term publisher.
9 (RLIN) 6839
906 ## - LOCAL DATA ELEMENT F, LDF (RLIN)
a 7
b ibc
c origode
d 3
e ncip
f 20
g y-gencatlg
942 ## - ADDED ENTRY ELEMENTS (KOHA)
Source of classification or shelving scheme
Koha item type Book
Holdings
Withdrawn status Lost status Source of classification or shelving scheme Damaged status Not for loan Permanent Location Current Location Shelving location Date acquired Total Checkouts Full call number Barcode Date last seen Price effective from Koha item type
          Centre for International Peace & Stability (CIPS) Centre for International Peace & Stability (CIPS) General Stacks 02/23/2023   363.325095491 POL 2021 CIPSD0000727 02/23/2023 02/23/2023 Book
          Centre for International Peace & Stability (CIPS) Centre for International Peace & Stability (CIPS) General Stacks 02/23/2023   363.325095491 POL 2021 CIPSD0000728 02/23/2023 02/23/2023 Book
© 2023 Central Library, National University of Sciences and Technology. All Rights Reserved.